Michael Jackson Studio Albums - Statistics

General Stats
  • This quiz has been taken 915 times
  • The average score is 7 of 10
Answer Stats
Hint Answer % Correct
1982 Thriller
99%
1987 Bad
97%
1979 Off the Wall
91%
1991 Dangerous
82%
1995 History
77%
2001 Invincible
69%
1972 Ben
65%
1973 Music & Me
36%
1972 Got to Be There
34%
1975 Forever, Michael
33%
No matching quizzes found
Score Distribution
Percent of People with Each Score
Percentile by Number Answered
Your Score History
You have not taken this quiz